000
00337nam a22001577a 4500
005
20160629120008.0
008
160629b xxu||||| |||| 00| 0 eng d
041
_a
eng
082
_b
11013
100
_a
Mukherji, T.N.
_9
3148
245
_a
Damru-Charit
260
_b
Newage
300
_a
160
650
_a
Management
_9
241
942
_c
BK
999
_c
4614
_d
4612